| 000 | 00679cab a2200265 4500 | ||
|---|---|---|---|
| 001 | WB2846-21 | ||
| 008 | 090401t1992 xxu||||| |||| 00| 0 eng d | ||
| 035 | _a(Sirsi) u68643 | ||
| 041 | _aeng | ||
| 245 | _aSelling properties to NHS staff | ||
| 260 | _c1992 | ||
| 350 | _a0 | ||
| 490 |
_aDoH Press Release _v(H/92/394) 17 November 1992 (3) |
||
| 520 | _aNHS guidelines on the disposal of surplus residential property. | ||
| 650 | _aDISCOUNT | ||
| 650 | _aDISPOSAL | ||
| 650 | _aNHS PROPERTY | ||
| 650 | _aNHS STAFF | ||
| 650 | _aNHS TENANTS | ||
| 650 | _aRIGHT TO BUY | ||
| 650 | _aSURPLUS PROPERTY | ||
| 690 | _aHOUSING | ||
| 942 | _n0 | ||
| 948 | _c04/03/1997 | ||
| 999 |
_c43067 _d43067 |
||